Score 0/66 Timer 06:00
0 Plays Today
Hint 4-Letter Word % Correct
Donald or Daffy, e.g.DUCK
94.9%
More than average heightTALL
94.4%
U.S. 10 cent coinDIME
94.2%
Sets of 12 inchesFEET
94.1%
Opposite of worstBEST
93.7%
To relay information to someoneTELL
93.3%
Something opened by a keyLOCK
93.3%
Give a meal toFEED
93%
Sporcle badge: ____ of the Irish*LUCK*
92.7%
A hill of sandDUNE
92.7%
A basketball shotDUNK
92.6%
A greenish-blue colorTEAL
92.3%
To eatDINE
92.3%
Make-believe storyTALE
91.7%
AchievementFEAT
90.3%
Water surrounding a castleMOAT
90.3%
DefeatBEAT
89.6%
If the shoe ____...FITS
88.9%
Something worn around the waistBELT
88.4%
White adhesiveGLUE
88.1%
Ready, aim, ____!FIRE
88%
A way to prepare potatoesMASH
87.8%
____ and piecesBITS
87.7%
DomesticateTAME
87.7%
A hint, or a classic board gameCLUE
87.6%
The 43rd president of the U.S.BUSH
87.3%
Make fun ofMOCK
86.9%
Relative of a butterflyMOTH
86.9%
Capricorn's animalGOAT
86.7%
WagersBETS
86.5%
Ward offFEND
86.4%
Sporcle badge: ____ Bandit*TIME*
86.3%
To hit forcefullyBASH
85.6%
Hint 4-Letter Word % Correct
Affleck and Folds, e.g.BENS
85.4%
Having a smooth, or level surface FLAT
84.9%
RepairMEND
84.9%
CurvedBENT
84%
Ceases to liveDIES
83.4%
Sturdy footwearBOOT
81.7%
Sporcle badge: Bishkek or ____*BUST*
81.7%
Soil or earthDIRT
81.2%
A person's regular intake of foodDIET
81.1%
2008 animated canine filmBOLT
80.1%
Sporcle badge: Dream ____*TEAM*
80%
Smile widelyBEAM
79.9%
A dessert made of custardFLAN
79.4%
Days before holidaysEVES
79.3%
Sporcle badge: ____ Master*MATH*
79.1%
Disastrous, horrificDIRE
79%
ColorsDYES
78.7%
TV dark comedy with Tony ShalhoubMONK
78.1%
Sporcle badge: ____ Bender*MIND*
77.7%
Watches closelyEYES
77.5%
A type of arthritis due to uric acidGOUT
77.5%
Suffragette LucretiaMOTT
77.4%
Animal of the weasel familyMINK
76%
To fill to excessGLUT
73.9%
A business organizationFIRM
73.8%
Sporcle badge: Worst. Badge. ____.*EVER*
73%
French for sonFILS
66.4%
Sporcle badge: ____ Critic*FILM*
65.5%
To dry by pressing with clothBLOT
63.6%
Sporcle badge: Century ____*CLUB*
57.5%
An amorphous monsterBLOB
55.6%
To weep, in the UKBLUB
51.7%
Sporcle badge: ____ Shearer*ALAN*
34%

Today's Daily Dose

Remove Ads.
Support Sporcle.
Get the best of Sporcle when you Go Orange. This ad-free experience offers more features, more stats, and more fun while also helping to support Sporcle. Thank you for becoming a member.

You're not logged in!

Compare scores with friends on all Sporcle quizzes.
OR
Log In

Show Comments

Extras

Top Quizzes Today


Score Distribution

Your Account Isn't Verified!

In order to create a playlist on Sporcle, you need to verify the email address you used during registration. Go to your Sporcle Settings to finish the process.

Report this User

Report this user for behavior that violates our Community Guidelines.

Details: